| 000 | 00444nam a2200133Ia 4500 | ||
|---|---|---|---|
| 008 | 250506s9999 xx 000 0 und d | ||
| 024 | _a15B -058-SE, 15B-038-SE & 15B-081-SE | ||
| 082 | _a005.19211 ZAI | ||
| 100 | _aZain Noman Farooq, Maryam Badar & Muhammad Ramzan Raza | ||
| 245 | 0 | _aNews Summarization System (CODE BOOK) | |
| 260 |
_aKarachi: _bUIT, _c2005 |
||
| 600 | _aSoftware Engineering | ||
| 650 | _aBachelor of Computer Science (BS) | ||
| 999 |
_c28213 _d28213 |
||